banner-ar

مقدمة فى تاريخ الطب و طب الاسنان / (Record no. 60009)

MARC details
000 -الفاتح
حقل البيانات ثابتة الطول 02737nam a22004937a 4500
005 - وقت وتاريخ اخر تعامل مع التسجيلة
رقم الضبط 20240530110348.0
008 - عناصر البيانات ثابتة الطول - معلومات عامة
حقل البيانات ثابتة الطول 141214s2008 ua fd g b 000 0aara d
017 ## - رقم الايداع القانونى
رقم الايداع القانونى 3812/2008
المصدر ( الهيئة المختصة) مصر . دار الكتب المصرية
020 ## - الرقم الدولى المعيارى للكتب
الرقم الدولى المعيارى للكتاب 9772583054
040 ## - مصدر الفهرسة
وكالة الفهرسة الأصلية EG-CaGPL
041 0# - رمز اللغة
رمز لغة النص/ المسارات الصوتية أو العنوان الانفرادي ara
082 04 - رقم تصنيف ديوى العشرى
رقم الطبعة 21
رقم التصنيف 617.6009\
رقم المادة ع م
100 0# - المدخل الرئيسى - إسم شخصى
الإسم الشخصى عبدالله محمد الرابطى
245 10 - بيان العنوان
العنوان مقدمة فى تاريخ الطب و طب الاسنان /
بيان المسئوليه,etc تاليف عبدالله محمد الرابطى
250 ## - بيان الطبعة
بيان الطبعة ط1
260 ## - PUBLICATION, DISTRIBUTION, ETC. (IMPRINT)
تاريخ النشر أو التوزيع 2008
300 ## - الوصف المادى
التعداد 176 ص :
تفاصيل ماديه اخرى للوعاء ايض ؛
أبعاد الوعاء 24 سم
504 ## - تبصرة ببليوجرافية
تبصرة ببليوجرافية,الخ يشتمل على ارجاعات ببليوجرافية
650 04 - المدخل الاضافى بالموضوع-مصطلح موضوعى
مصطلح موضوعي الطب
التقسيم الفرعي العام تاريخ قديم
التقسيم الفرعي الزمني العصر البدائى
650 04 - المدخل الاضافى بالموضوع-مصطلح موضوعى
مصطلح موضوعي طب الاسنان
التقسيم الفرعي العام تاريخ قديم
التقسيم الفرعي الزمني الحضارة المصرية
650 04 - المدخل الاضافى بالموضوع-مصطلح موضوعى
مصطلح موضوعي الطب
التقسيم الفرعي العام تاريخ قديم
التقسيم الفرعي الزمني الحضارة المصرية
650 04 - المدخل الاضافى بالموضوع-مصطلح موضوعى
مصطلح موضوعي طب الاسنان
التقسيم الفرعي العام تاريخ قديم
التقسيم الفرعي الزمني الحضارة الهندية
650 04 - المدخل الاضافى بالموضوع-مصطلح موضوعى
مصطلح موضوعي الطب
التقسيم الفرعي العام تاريخ قديم
التقسيم الفرعي الزمني الحضارة الهندية
650 04 - المدخل الاضافى بالموضوع-مصطلح موضوعى
مصطلح موضوعي الطب
التقسيم الفرعي العام تاريخ قديم
التقسيم الفرعي الزمني الحضارة الصينية
650 04 - المدخل الاضافى بالموضوع-مصطلح موضوعى
مصطلح موضوعي طب الاسنان
التقسيم الفرعي العام تاريخ قديم
التقسيم الفرعي الزمني الحضارة الصينية
650 04 - المدخل الاضافى بالموضوع-مصطلح موضوعى
مصطلح موضوعي الطب
التقسيم الفرعي العام تاريخ قديم
التقسيم الفرعي الزمني الحضارة الفارسية
650 04 - المدخل الاضافى بالموضوع-مصطلح موضوعى
مصطلح موضوعي طب الاسنان
التقسيم الفرعي العام تاريخ قديم
التقسيم الفرعي الزمني الحضارة الفارسية
650 04 - المدخل الاضافى بالموضوع-مصطلح موضوعى
مصطلح موضوعي الطب
التقسيم الفرعي العام تاريخ قديم
التقسيم الفرعي الزمني الحضارة اليونانية
650 04 - المدخل الاضافى بالموضوع-مصطلح موضوعى
مصطلح موضوعي طب الاسنان
التقسيم الفرعي العام تاريخ قديم
التقسيم الفرعي الزمني الحضارة اليونانية
650 04 - المدخل الاضافى بالموضوع-مصطلح موضوعى
مصطلح موضوعي الطب
التقسيم الفرعي العام تاريخ قديم
التقسيم الفرعي الزمني الحضارة الرومانية
650 04 - المدخل الاضافى بالموضوع-مصطلح موضوعى
مصطلح موضوعي طب الاسنان
التقسيم الفرعي العام تاريخ قديم
التقسيم الفرعي الزمني الحضارة الرومانية
650 04 - المدخل الاضافى بالموضوع-مصطلح موضوعى
مصطلح موضوعي الطب
التقسيم الفرعي العام تاريخ قديم
التقسيم الفرعي الزمني الحضارة البيزنطية
650 04 - المدخل الاضافى بالموضوع-مصطلح موضوعى
مصطلح موضوعي طب الاسنان
التقسيم الفرعي العام تاريخ قديم
التقسيم الفرعي الزمني الحضارة البيزنطية
650 04 - المدخل الاضافى بالموضوع-مصطلح موضوعى
مصطلح موضوعي الطب
التقسيم الفرعي العام تاريخ قديم
التقسيم الفرعي الزمني الحضارة الجاهلية
650 04 - المدخل الاضافى بالموضوع-مصطلح موضوعى
مصطلح موضوعي طب الاسنان
التقسيم الفرعي العام تاريخ قديم
التقسيم الفرعي الزمني الحضارة الجاهلية
650 04 - المدخل الاضافى بالموضوع-مصطلح موضوعى
مصطلح موضوعي الطب
التقسيم الفرعي العام تاريخ قديم
التقسيم الفرعي الزمني عصر صدر الاسلام
650 04 - المدخل الاضافى بالموضوع-مصطلح موضوعى
مصطلح موضوعي طب الاسنان
التقسيم الفرعي العام تاريخ قديم
التقسيم الفرعي الزمني عصر صدر الاسلام
650 04 - المدخل الاضافى بالموضوع-مصطلح موضوعى
مصطلح موضوعي الطب
التقسيم الفرعي العام تاريخ قديم
التقسيم الفرعي الزمني الدولة العباسية
650 04 - المدخل الاضافى بالموضوع-مصطلح موضوعى
مصطلح موضوعي طب الاسنان
التقسيم الفرعي العام تاريخ قديم
التقسيم الفرعي الزمني الدولة العباسية
650 04 - المدخل الاضافى بالموضوع-مصطلح موضوعى
مصطلح موضوعي الطب
التقسيم الفرعي العام تاريخ قديم
التقسيم الفرعي الزمني الحضارة الاسلامية
650 04 - المدخل الاضافى بالموضوع-مصطلح موضوعى
مصطلح موضوعي طب الاسنان
التقسيم الفرعي العام تاريخ قديم
التقسيم الفرعي الزمني الحضارة الاسلامية
942 ## - عناصر المدخل الإضافي( كوها)
مصدر التصنيف او مخطط الترفيف Dewey Decimal Classification
Koha [default] item type كتاب
260 ## - PUBLICATION, DISTRIBUTION, ETC. (IMPRINT)
-- القاهرة :
-- الدار العربية للنشر والتوزيع ،
Holdings
حالة التراجع حالة الفقد حالة تلف ليس للاعارة المكان المؤقت الموقع الحالى تاريخ الاكتساب اجمالي اﻻعارات رقم الطلب الباركود تاريخ اخر مشاهدة تاريخ تفعيل السعر نوع وعاء كوها
        مكتبة القاهرة الكبرى مكتبة القاهرة الكبرى 12/14/2014   617.6009\ ع م 158988 12/14/2014 12/14/2014 كتاب

Powered By

EGPV